| 000 | 00592nam a2200241Ia 4500 | ||
|---|---|---|---|
| 005 | 20250425162626.0 | ||
| 008 | 250425s9999 xx 000 0 und d | ||
| 020 | _a9789942074874 | ||
| 041 | _aspa | ||
| 043 | _aec | ||
| 082 | _a863 | ||
| 100 | _aPALACIO, PABLO | ||
| 245 | 0 | _aUN HOMBRE MUERTO PUNTAPIES | |
| 250 | _a1A ED. | ||
| 260 |
_aEcuador _bPALACIO, PABLO _c2013 |
||
| 260 |
_aQUITO _bCONSEJO DE LA JUDICATURA |
||
| 300 | _a175 | ||
| 500 | _aCOLECCION LITERATURA Y JUSTICIA | ||
| 650 | _aNOVELA | ||
| 710 | _aCONSEJO DE LA JUDICATURA | ||
| 942 | _c01 | ||
| 010 | _a90921 | ||
| 999 |
_c233121 _d233121 |
||